00335nam a2200109Ia 4500008004100000245010600041260003500147260000900182300001000191500000800201650001600209170224s9999 xx 000 0 und d aGive me just a little more time: Effects of alcohol on the failure and recovery of cognitive control. bJournal of Abnormal Psychology c2014 a123:2 aMay xPsychology.